| 000 | 01285nam a2200337Ia 4500 | ||
|---|---|---|---|
| 001 | ebr10269614 | ||
| 003 | CaPaEBR | ||
| 006 | m u | ||
| 007 | cr cn||||||||| | ||
| 008 | 090218s2009 dcua sb 000 0 eng d | ||
| 010 | _z 2009285373 | ||
| 020 | _z9780821377994 | ||
| 020 | _z082137799X | ||
| 040 |
_aCaPaEBR _cCaPaEBR |
||
| 035 | _a(OCoLC)314427781 | ||
| 050 | 1 | 4 |
_aHB3730 _b.G56 2009eb |
| 245 | 0 | 0 |
_aGlobal economic prospects _h[electronic resource] : _bcommodities at the crossroads. |
| 260 |
_aWashington, DC : _bWorld Bank, _c2009. |
||
| 300 |
_axv, 180 p. : _bill. |
||
| 504 | _aIncludes bibliographical references. | ||
| 533 |
_aElectronic reproduction. _bPalo Alto, Calif. : _cebrary, _d2009. _nAvailable via World Wide Web. _nAccess may be limited to ebrary affiliated libraries. |
||
| 650 | 0 |
_aEconomic forecasting _zDeveloping countries. |
|
| 650 | 0 | _aEconomic forecasting. | |
| 650 | 0 |
_aEconomic history _y1990- |
|
| 650 | 0 | _aInternational economic relations. | |
| 651 | 0 |
_aDeveloping countries _xEconomic conditions. |
|
| 655 | 7 |
_aElectronic books. _2local |
|
| 710 | 2 | _aWorld Bank. | |
| 710 | 2 | _aebrary, Inc. | |
| 856 | 4 | 0 |
_uhttp://site.ebrary.com/lib/rucke/Doc?id=10269614 _zAn electronic book accessible through the World Wide Web; click to view |
| 999 |
_c23348 _d23348 |
||